FOUNDATIONS OF 3D COMPUTER GRAPHICS (Record no. 216611)

MARC details
000 -LEADER
fixed length control field 00500nam a22001697a 4500
008 - FIXED-LENGTH DATA ELEMENTS--GENERAL INFORMATION
fixed length control field 260224b |||||||| |||| 00| 0 eng d
020 ## - INTERNATIONAL STANDARD BOOK NUMBER
International Standard Book Number 978-0-2620-1735-0
050 ## - LIBRARY OF CONGRESS CALL NUMBER
Classification number T 385 .G67 2012
100 ## - MAIN ENTRY--PERSONAL NAME
Personal name GORTLER,STEVEN J.
245 ## - TITLE STATEMENT
Title FOUNDATIONS OF 3D COMPUTER GRAPHICS
260 ## - PUBLICATION, DISTRIBUTION, ETC.
Place of publication, distribution, etc. CAMBRIDGE,MASSACHUSETTS
Name of publisher, distributor, etc. THE MIT PRESS
Date of publication, distribution, etc. 2012
300 ## - PHYSICAL DESCRIPTION
Extent XVI,273P.
500 ## - GENERAL NOTE
General note INCLUDES BIBLIOGRAPHICAL REFERENCES AND INDEXES
650 ## - SUBJECT ADDED ENTRY
Topical term or geographic name entry element COMPUTER GRAPHICS
942 ## - ADDED ENTRY ELEMENTS (KOHA)
Source of classification or shelving scheme Library of Congress Classification
Koha item type Long Loan Book
Holdings
Withdrawn status Lost status Source of classification or shelving scheme Damaged status Not for loan Collection Home library Current library Shelving location Date acquired Inventory number Total checkouts Full call number Barcode Date last seen Copy number Price effective from Koha item type
    Library of Congress Classification     Science & Technology Kisii University Library Kisii University Library On Display 02/24/2026 111891   T 385 .G67 2012 A000759 02/24/2026 1 02/24/2026 Long Loan Book
    Library of Congress Classification     Science & Technology Kisii University Library Kisii University Library On Display 02/24/2026 111892   T 385 .G67 2012 A000760 02/24/2026 2 02/24/2026 Long Loan Book
    Library of Congress Classification     Science & Technology Kisii University Library Kisii University Library On Display 02/24/2026 111893   T 385 .G67 2012 A000766 02/24/2026 3 02/24/2026 Long Loan Book